000 01504nam a2200421 c 4500
001 45073
003 ES-MaCES
005 20180131142522.0
007 cr |||||||||||
008 140917s2014 sz 000 r t id0 seng
020 _a9789221286608
020 _a9789221286615 (web pdf)
040 _aES-MaCES
_bspa
_cES-MaCES
245 0 0 _aWork social protection report 2014/15
_hRecurso electrónico
_b: building economic recovery, inclusive development and social justice
_cInternational Labour Organization
250 _a1st ed
260 _aGeneva
_bILO
_c2014
300 _a1 documento pdf
_c(17,9 mb)
504 _aBibliografía: p. 315-336
541 _cGratuito
650 4 _aprotección social
_929076
650 4 _aseguridad social
_927034
650 4 _apolítica social
_927029
650 4 _afamilia
_927318
650 4 _acuidado infantil
_927062
650 4 _aasistencia a las personas de edad avanzada
_927061
650 4 _arégimen de pensión
_927042
650 4 _aasistencia médica
_930272
650 4 _apaís desarrollado
_927091
650 4 _apaís en desarrollo
_927092
650 4 _a2014-2015
_935185
653 1 0 _aSeguridad Social
650 4 _929234
_adesarrollo económico y social
710 2 _aInstituto Internacional de Estudios Laborales
_94239
710 2 _94718
_aOrganización Internacional del Trabajo
856 4 _uhttp://biblioteca.ces.es/repintra/B45073.pdf
_ytexto completo
_z[intranet]
902 _aELE PUB. ELECTRONICA
942 _2CES
_cBK
_h3.0.
999 _c45073
_d45073